Essential business mathematics

Đã lưu trong:
Sonraí Bibleagrafaíochta
Príomhúdar: Llewellyn R Snyder
Formáid: Leabhar
Teanga:Undetermined
Foilsithe: New York McGraw-Hill 1958
Ábhair:
Clibeanna: Cuir Clib Leis
Gan Chlibeanna, Bí ar an gcéad duine leis an taifead seo a chlibeáil!
Thư viện lưu trữ: Trung tâm Học liệu Trường Đại học Cần Thơ
LEADER 00460nam a2200169Ia 4500
001 CTU_5711
008 210402s9999 xx 000 0 und d
082 |a 330.1543 
082 |b S675 
100 |a Llewellyn R Snyder 
245 0 |a Essential business mathematics 
245 0 |c Llewellyn R Snyder 
260 |a New York 
260 |b McGraw-Hill 
260 |c 1958 
650 |a economics, mathematical 
980 |a Trung tâm Học liệu Trường Đại học Cần Thơ